|
|
|
|
| LEADER |
01624nam a2200397 a 4500 |
| 001 |
nkc20102107356 |
| 003 |
CZ PrNK |
| 005 |
20100722142927.0 |
| 007 |
ta |
| 008 |
100527s2010 xr a f 000 0 cze |
| 015 |
|
|
|a cnb002107356
|
| 020 |
|
|
|a 978-80-244-2494-1
|q (brož.) :
|c neprodejné
|
| 035 |
|
|
|a (OCoLC)649803434
|
| 040 |
|
|
|a ABA001
|b cze
|
| 072 |
|
7 |
|a 37.09
|x Organizace výuky a vzdělávání
|2 Konspekt
|9 22
|
| 080 |
|
|
|a 37.091.26/.27
|2 MRF
|
| 080 |
|
|
|a (048.8)
|2 MRF
|
| 100 |
1 |
|
|a Jeřábek, Ondřej
|7 jx20100604013
|4 aut
|
| 245 |
1 |
0 |
|a Teorie a praxe tvorby didaktických testů /
|c Ondřej Jeřábek a Martin Bílek
|
| 250 |
|
|
|a 1. vyd.
|
| 260 |
|
|
|a Olomouc :
|b Univerzita Palackého v Olomouci,
|c 2010
|
| 300 |
|
|
|a 91 s. :
|b il. ;
|c 21 cm
|
| 500 |
|
|
|a Nad názvem: Zvyšování kvality vzdělávání učitelů přírodovědných předmětů
|
| 504 |
|
|
|a Obsahuje bibliografie
|
| 650 |
0 |
7 |
|a didaktické testy
|7 ph119433
|x metodologie
|2 czenas
|
| 650 |
0 |
9 |
|a educational tests and measurements
|x methodology
|2 eczenas
|
| 655 |
|
7 |
|a monografie
|7 fd132842
|2 czenas
|
| 655 |
|
9 |
|a monographs
|2 eczenas
|
| 700 |
1 |
|
|a Bílek, Martin,
|d 1964-
|7 mzk2003173196
|4 aut
|
| 710 |
2 |
|
|a Zvyšování kvality vzdělávání učitelů přírodovědných předmětů (projekt)
|7 kn20100603007
|
| 856 |
4 |
1 |
|u http://www.digitalniknihovna.cz/mzk/uuid/uuid:20d65de0-44f7-11e7-a34b-005056827e51
|y Digitalizovaný dokument
|x NDK
|
| 910 |
2 |
|
|a BOA001
|b 2-1245.462
|
| 990 |
|
|
|a BK
|
| 995 |
|
|
|a 01
|
| 991 |
|
|
|b 201007
|c NOV
|e n
|
| 996 |
6 |
|
|b 2610441848
|c 2-1245.462
|l MZK
|r Sklad / do 1 hodiny
|n 12
|p p.v.
|w 001130754
|u 000010
|a 1
|e BOA001
|j MZK50
|s P
|